Využitie výpočtovej techniky v školstve 8. celoštátna konferencia

Guardado en:
Detalles Bibliográficos
Formato: Libro
Lenguaje:eslovaco
Publicado: Bratislava Dom techn. ČSVTS 1986
Edición:1. vyd.
Etiquetas: Agregar Etiqueta
Sin Etiquetas, Sea el primero en etiquetar este registro!

MARC

LEADER 00000nam a2200000 4500
001 c025962
005 20221219101041.6
041 0 |a slo 
044 |a SK 
245 1 0 |a Využitie výpočtovej techniky v školstve  |b 8. celoštátna konferencia 
250 |a 1. vyd. 
264 1 |a Bratislava  |b Dom techn. ČSVTS  |c 1986 
300 |a 189 s.